000 00945nam a22002417a 4500
999 _c63940
_d63940
005 20240530110706.0
008 171225s2015 ua a g b 000 0dara d
017 _a2012/25
_bليبيا . دار الكتب الوطنية
020 _a9789959631169
040 _aEG-CaGPL
_cEG-CaGPL
082 0 4 _221
_a953.0728\
_bم ح
100 0 _aمعمر الهادى محمد القرقوطى
245 1 2 _aالحياة الاقتصادية فى دولة بنى مرين 668 - 869 هـ / 1269 - 1465 م /
_cاعداد معمر الهادى محمد القرقوطى .
250 _aط.1
260 _bجامعة الزاوية ،
_c2013 .
300 _a504 ص. ؛
_c24 سم.
504 _aببليوجرافية : ص 453 - 479
650 0 7 _2qrmak
_aالثروة المعدنية
650 0 7 _2qrmak
651 0 7 _2qrmak
_aليبيا
_xالاحوال الاقتصادية
942 _2ddc
_cBK